Културата на средновековна България (Запис номер 11464)
[ съкратено ]
| 000 -Лидер | |
|---|---|
| Контролно поле с фиксирана дължина | 01596nam a2200361 c 4500 |
| 003 - Код на организацията, давaща контролен номер | |
| Контролно поле | BLK |
| 005 - Дата и час на последна редакция | |
| Контролно поле | 20250220161718.0 |
| 008 - Елементи от данни с фиксирана дължина | |
| fixed length control field | 180412b bul|||||r ||||||| ||bul|| |
| 010 ## - Наследен системен номер | |
| LC control number | KNG00013006000 |
| 020 ## - Международен стандартен номер на книга ISBN | |
| Международен стандартен номер на книга ISBN | 954-584-191-5 |
| -- | издат.: Абагар Холдинг |
| 040 ## - Източник на каталожния запис | |
| Идентификатор на билиотеката - собственик на записа | BLK |
| 041 ## - Код за език | |
| Код за езика на текст/звукозапис или на отделно заглавие | Български |
| Код за езика КДБФ | Български |
| 080 ## - УДК | |
| Текстов определител УДК | Период на феодализма в българските земи (VII век -I пол. на XVIII век) |
| УДК код - определител по УДК | 94(497.2)"06/17" |
| УДК определител | |
| УДК - код + определител | 94(497.2)"06/17" |
| 080 ## - УДК | |
| Текстов определител УДК | История на цивилизацията. История на културата |
| УДК код - определител по УДК | 930.85 |
| УДК определител | (497.2) |
| УДК - код + определител | 930.85(497.2) |
| 100 1# - Редна дума - Автор | |
| Автор | Божилов, Иван Ангелов |
| Авторска отговорност | първи автор |
| R(LIN) | 363483 |
| 139 ## - Редно поле | |
| Редна дума | Божилов, Иван Ангелов |
| Авторски знак | Бож - Б 56 |
| 245 10 - Сведения за заглавието | |
| Заглавие | Културата на средновековна България |
| Редно поле (дума) | Иван Ангелов Божилов. |
| 257 ## - Страна на издаване | |
| Страна на създаване/издаване | България |
| 260 ## - Област на издателските данни | |
| -- | София |
| Име на издателя, разпространителя и проч. | Абагар Холдинг |
| Година на издаване | 1996 |
| Печатница | Пловдив : Полиграфия |
| 300 ## - Физическа характеристика | |
| Страници | 200 с. |
| Размери/Мащаб | 20 см |
| 380 ## - Жанр | |
| Жанр | История |
| 490 1# - СЕРИИ (Колекции) | |
| Име на серия | Малка историческа библиотека |
| №: серия | Кн. 1 |
| 650 #4 - Допълнително описание по предмет – тема | |
| Основно описание – тема или топоним | Култура, средновековна - България |
| 9 (RLIN) | 256528 |
| 650 #7 - Допълнително описание по предмет – тема | |
| Основно описание – тема или топоним | България - история, средни векове |
| Източник на редна или ключова дума | |
| 9 (RLIN) | 149610 |
| 653 ## - Ключова дума – ненормативна | |
| Ключова дума | България |
| 653 ## - Ключова дума – ненормативна | |
| Ключова дума | Средновековие |
| 852 ## - Местоположение | |
| Форматна сигнатура | Цб 189442 |
| 856 4# - Електронен адрес и достъп | |
| Електронен формат | pdf - файл |
| Път до файла /url/ | |
| 856 4# - Електронен адрес и достъп | |
| Електронен формат | pdf - файл |
| Път до файла /url/ | |
| 942 ## - АРТИКУЛИ | |
| Вид на библиотечния материал | Книги |
| Скрит в OPAC | Не |
| Koha issues (borrowed), all copies | 2 |
| 944 ## - СЪЗДАВАНЕ И РЕДАКЦИЯ на ЗАПИСА | |
| Създаване/Редакция | Създаване |
| Дата на регистрацията/редакция | 15.01.2003 |
| Служител, извършил регистрацията/редакцията | 30535 |
| Статус, дата на статуса | Христина Везирева |
| 944 ## - СЪЗДАВАНЕ И РЕДАКЦИЯ на ЗАПИСА | |
| Създаване/Редакция | Редакция |
| Дата на регистрацията/редакция | 04.11.2009 |
| Служител, извършил регистрацията/редакцията | |
| 999 ## - СИСТЕМНИ КОНТРОЛНИ НОМЕРА | |
| Koha biblionumber | 11464 |
| Koha biblioitemnumber | 11464 |
| Код за отписване | Код за изгубен артикул | Източник на класификационната схема | Код за повреда | Коз за рестрикции | Код за отдаване | Артикулен № | Име на библиотеката - собственик | Име на библиотеката, в която се намира в момента | Статус (Текущо местоположение) | Дата на вписване в системата | Местоположение - отдел | Цена в лева | Инвентарен номер | Систематично азбучна сигнатура | Баркод | Номер на екземпляра | Цена в евро | Служебна бележка | Служебен тип на артикула |
|---|---|---|---|---|---|---|---|---|---|---|---|---|---|---|---|---|---|---|---|
| Не е изгубен | Universal Decimal Classification | Не е повреден | без рестрикции | заемане за дома | 19881 | Регионална библиотека "Любен Каравелов" Русе | Регионална библиотека "Любен Каравелов" Русе | Дубликат | 2001-01-01 | Заемна - подръчен фонд | 0.66 | 622699 | 94(497.2)’’06/17’’/Б 56 | 120000622699 | 1 | 0.34 | Дост: Pk Вид: Ф N: стар фонд Дата: 01.01.1996 Дата инв: 16.02.2018 Бележки инв: П2018 | Книги | |
| Изтеглен | Не е изгубен | Universal Decimal Classification | Не е повреден | без рестрикции | заемане за дома | 19882 | Регионална библиотека "Любен Каравелов" Русе | Регионална библиотека "Любен Каравелов" Русе | Заемна - подръчен фонд | 2001-01-01 | Заемна - подръчен фонд | 0.66 | 622700 | П 949.72.03/Б 56 | 622700 | 2 | 0.34 | Дост: Pk Вид: Ф N: стар фонд Дата: 01.01.1996 Дата инв: 08.02.2018 Бележки инв: П2018 | Книги |
| Изтеглен | Не е изгубен | Universal Decimal Classification | Не е повреден | без рестрикции | заемане за дома | 19883 | Регионална библиотека "Любен Каравелов" Русе | Регионална библиотека "Любен Каравелов" Русе | Заемна - подръчен фонд | 2001-01-01 | Заемна - подръчен фонд | 0.66 | 622701 | П 949.72.03/Б 56 | 622701 | 3 | 0.34 | Дост: Pk Вид: Ф N: стар фонд Дата: 01.01.1996 | Книги |
| Не е изгубен | Universal Decimal Classification | Не е повреден | без рестрикции | ползва се в читалня | 19884 | Регионална библиотека "Любен Каравелов" Русе | Регионална библиотека "Любен Каравелов" Русе | Хранилище | 2001-01-01 | Хранилище | 0.66 | 624247 | Цб 189442 | 120000624247 | 4 | 0.34 | Дост: Dp Вид: Д N: 23 Дата: 01.01.1996 | Книги | |
| Не е изгубен | Universal Decimal Classification | Не е повреден | без рестрикции | ползва се в читалня | 19885 | Регионална библиотека "Любен Каравелов" Русе | Регионална библиотека "Любен Каравелов" Русе | Читалня | 1996-01-01 | Читалня | 0.00 | 649882 | Ч 94(497.2)/Б 56 | 120000649882 | 5 | 0.00 | Дост: Pk Вид: Ф N: стар фонд Дата: 01.01.1996 Дата инв: 28.03.2017 Бележки инв: Ч2017 | Книги |